000 03712cam a22012014i 4500
003 PE-LiUPU
005 20250813185426.0
008 190110s2014 sp a rb 000 0 spa d
020 _a8473605438
020 _a9788473605434
035 _a(Sirsi) a251334
040 _aPE-LiUPU
_bspa
_cPE-LiUPU
_erda
049 _aPRUA
082 0 4 _a306.8743
_bG23
_220
100 1 _aGarcía Moreno, Antonio,
_eautor.
245 1 3 _aEl arte de entender y educar a tu hijo :
_bdesde el nacimiento a la adolescencia /
_cAntonio García Moreno.
264 1 _aMadrid :
_bTébar Flores,
_c2014.
300 _a247 páginas :
_bilustraciones ;
_c24 centímetros
336 _atext
_2rdacontent
337 _aunmediated
_2rdamedia
338 _avolume
_2rdacarrier
504 _aBibliografía: páginas 247.
505 0 _aLa creación de una vida nueva -- El embarazo y las dos primeras semanas: etapa germinal -- Dela segunda a la octava semana: etapa embrionaria -- De la octava semana al nacimiento: etapa fetal -- El proceso del nacimiento -- Conociendo a mi bebé: sus tres primeros años -- Desarrollo físico, sensorial y motor durante los tres primeros años -- Desarrollo de la comprensión y del lenguaje -- Desarrollo emocional y social: el apego -- ¿Cómo afrontar la educación durante los tres primeros años? -- La niñez -- Desarrollo físico y adquisición del control del organismo en la niñez -- Desarrollo de la comprensión en la niñez -- Desarrollo afectivo y social en la niñez -- ¿Cómo afrontar la educación durante la niñez? -- La adolescencia -- Hacia la madurez física y sexual -- Desarrollo de la comprensión en la adolescencia -- Descubriendo el mundo afectivo y social de un adolescente -- ¿Cómo afrontar la educación de un adolescente?.
526 _aP202
526 _aP201
526 _aP163
526 _aP162
526 _aP161
526 _aP160
526 _aP148
526 _aP147
526 _aP146
526 _aP145
526 _aP144
526 _aP143
526 _aP142
526 _aP141
526 _aP140
526 _aP139
526 _aP138
526 _aP137
526 _aP136
526 _aP135
526 _aP134
526 _aP133
526 _aP129
526 _aP128
526 _aP127
526 _aP120
526 _aP119
526 _aP118
526 _aP116
526 _aP115
526 _aP114
526 _aP110
526 _aP109
526 _aP108
526 _aP104
526 _aP103
526 _aP102
526 _aP99
526 _aP98
526 _aP97
526 _aP96
526 _aP95
526 _aP93
526 _aP90
526 _aP89
526 _aP88
526 _aP83
526 _aP82
526 _aP62
526 _aP59
526 _aP58
526 _aP57
526 _aP51
526 _aP49
526 _aP48
526 _aP47
526 _aP29
526 _aP24
526 _aP20
526 _aP19
526 _aP17
526 _aP15
526 _aP14
526 _aP12
526 _aP10
526 _aP09
526 _aP08
526 _aP07
526 _aP06
526 _aP05
526 _aP04
526 _aP01
541 _gF002-00000786;
650 1 7 _aEducación de padres.
_2embne
910 _adbm
_bjpc
_cjpc
_d20190110
942 _2ddc
_cBOOK
994 _aC0
_bPEPRU
596 _a1
999 _a306.8743 G23
_wDEWEY
_c30753
_i79675
_f2021-11-8
_g3
_lCCODEBUL1
_mBUL
_p22.00
_r0
_sY
_tBOOK
_u2019-1-10
_xEDUCACION
_PP33
_0COMPRA
_1FCOMPR2
_o.STAFF. Colección Ciencias de la Salud
_d30753
980 _81
_gALBERTO SANCHEZ Responsable de Automatización